Statystyki dla Państwa afrykańskie (trudniejsze) - quiz na mapie

Kliknij tutaj aby rozwiązać quiz!

Ogólne statystyki

  • Ten quiz został rozwiązany 5 222 razy
  • Średni wynik to 41 z 54

Odpowiedzi na mapie

Odpowiedzi skodowane kolorowo w zielono-czerwonej skali na mapie do tego quizu, zgodnie z poniższymi procentami.
 

Statystyki odpowiedzi

Kraj% Poprawnych
Egipt
97%
Madagaskar
95%
Republika
Południowej Afryki
95%
Maroko
94%
Algieria
93%
Niger
92%
Nigeria
90%
Sudan
90%
Libia
89%
Tunezja
89%
Czad
87%
Kongo
87%
Etiopia
86%
Somalia
85%
Demokratyczna
Republika Konga
84%
Kenia
84%
Sudan Południowy
84%
Gwinea
81%
Mali
81%
Senegal
81%
Wybrzeze Kosci
Sloniowej
80%
Angola
79%
Zambia
78%
Zimbabwe
78%
Republika
Środkowoafrykańska
77%
Erytrea
76%
Ghana
74%
Gwinea Równikowa
74%
Lesotho
74%
Mauretania
74%
Mozambik
74%
Tanzania
74%
Uganda
74%
Kamerun
72%
Togo
72%
Liberia
70%
Botswana
69%
Seszele
69%
Namibia
68%
Gabon
67%
Gwinea Bissau
67%
Rwanda
66%
Burkina Faso
65%
Dżibuti
65%
Gambia
65%
Benin
63%
Komory
61%
Sierra Leone
61%
Mauritius
60%
Eswatini
59%
Malawi
57%
Burundi
56%
Republika Zielonego
Przylądka
54%
Wyspy Świętego
Tomasza i Książeca
52%

Rozkład punktacji

Percentyl według liczby udzielonych odpowiedzi

Procent ludzi z każdym wynikiem

Twoja historia wyników

Nie rozwiązałeś tego quizu